000 00398nam a2200157Ia 4500
005 20240912121241.0
008 240806s9999||||xx |||||||||||||| ||eng||
041 _aeng
082 _a2891.4312
_bTULS
100 _aCharandas Sharma
245 0 _aTulsidas ke kavya me naitik mulya /
_cCharandas Sharma
260 _bBharateey Granth Niketan Delhi
300 _a0
650 _aHindi
942 _cBK
999 _c20548
_d20548